MotoGP Most Wins in a Season - Statistics

General Stats
  • This quiz has been taken 6 times
  • The average score is 10 of 14
Answer Stats
Wins Season Country Rider % Correct
13 2014 Spain Marc Márquez
100%
12 2019 Spain Marc Márquez
100%
11 2025 Spain Marc Márquez
100%
11 2001 Italy Valentino Rossi
100%
11 2002 Italy Valentino Rossi
100%
11 2005 Italy Valentino Rossi
100%
11 2024 Italy Francesco Bagnaia
80%
12 1997 Australia Mick Doohan
60%
10 2007 Australia Casey Stoner
40%
10 2011 Australia Casey Stoner
40%
11 1972 Italy Giacomo Agostini
40%
10 1968 Italy Giacomo Agostini
40%
10 1969 Italy Giacomo Agostini
40%
10 1970 Italy Giacomo Agostini
40%
No matching quizzes found
Score Distribution
Percent of People with Each Score
Percentile by Number Answered
Your Score History
You have not taken this quiz